[Event "Liptovsky Jan Slovak op U2200"]
[Site "Liptovsky Jan"]
[Date "2021.06.17"]
[Round "1"]
[White "Krestian, Darius"]
[Black "Kapec, Kristian"]
[Result "0-1"]
[WhiteElo "1000"]
[BlackElo "1770"]
[PlyCount "40"]
[EventDate "2021.06.17"]
[EventType "swiss"]
[EventRounds "7"]
[EventCountry "SVK"]
[SourceTitle "CBM 203 Extra"]
[Source "ChessBase"]
[SourceDate "2021.09.30"]
[SourceVersion "1"]
[SourceVersionDate "2021.09.30"]
[SourceQuality "1"]

1. d4 Nf6 2. Bf4 d6 3. Nf3 g6 4. e3 Bg7 5. Nbd2 Nbd7 6. c3 0-0 7. Bd3 Re8 8. h3 e5 9. dxe5 dxe5 10. Bg3 e4 11. Bc4 exf3 12. Qxf3 Ne5 13. Bxe5 Rxe5 14. Rd1 Qe7 15. g4 c6 16. Qg2 Be6 17. Bxe6 Rxe6 18. 0-0 Rd8 19. Nb3 Rxd1 20. Rxd1 Rd6 0-1